• 首页
  • 本馆介绍
  • 公告通知
  • 最新文献
  • 馆藏检索
  • 电子资源
  • 读者导购
  • 参考咨询
  • 我的图书馆
  • 登录
  • 详细信息显示
  • 放入我的书架
  • 预约/预借图书
  • 作者相关作品
  • 分类相关作品
  • 丛书相关作品
  • 出版社相关作品

书目信息

  • 表格格式
  • 工作单格式
  • 卡片格式
题名:
关于中国社会及其革命性质的若干理论问题
    
 
作者: 孙治方 著
分册:  
出版信息: 北京   中国社会科学出版社  1985
页数: 194页
开本: 21cm
丛书名:
单 册:
中图分类: D66-53 , F092.7
科图分类:
主题词: 社会结构--中国--现代--文集 , 经济思想史
电子资源:
ISBN:
000 00847nam0 2200277 45
001 0185002214
005 20040425094336.3
010    @dCNY1.30
091    @a4190.229
100    @a19900823d1985 kemy0chiy0121 ea
101 0  @achi
102    @aCN@b110000
105    @ay z 000yy
106    @ar
200 10 @a关于中国社会及其革命性质的若干理论问题@Aguan yu zhong guo she hui ji qi ge ming xing zhi de ruo gan li lun wen ti@f孙冶方著
210    @a北京@c中国社会科学出版社@d1985
215    @a194页@d21cm
300    @a孙冶方(1908~1983), 原名薛萼果, 江苏无锡人,马克思主义经济学家
606    @a社会结构@y中国@z现代@x文集
606 0  @a经济思想史
690    @aD66-53@v3
690    @aF092.7
701  0 @a孙治方@Asun zhi fang@4著
801  0 @aCN@b深圳图书馆@c20040425
801  2 @aCN@bNLC@c20040425
905    @f2@b156749-750@dF092.7@e15
    
    关于中国社会及其革命性质的若干理论问题/孙冶方著.-北京:中国社会科学出版社,1985
    194页;21cm
    孙冶方(1908~1983), 原名薛萼果, 江苏无锡人,马克思主义经济学家
    
    ISBN :CNY1.30
    
●
相关链接 在E读中查询图书 在五车中查询图书 在当当中查询图书 在豆瓣中查询图书


正题名:关于中国社会及其革命性质的若干理论问题     索取号:F092.7/15         预约/预借

序号 登录号 条形码 馆藏地/架位号 状态 备注
1 0156749   000195684   第一借阅区/ [索取号:F092.7/15] 在馆    
2 0156750   001582898   密集书库/ [索取号:F092.7/15] 在馆    
3 0156751   002056232   第一样本阅览室/ [索取号:F092.7/15] 在馆    
唐山师范学院图书馆 欢迎您!
大连网信软件有限公司© 版权所有